|
|
|
|
| LEADER |
00000cam a2200000 7i4500 |
| 001 |
0000085707 |
| 005 |
20201017.0 |
| 008 |
201017 |
| 020 |
|
|
|a 9789674750268
|
| 041 |
0 |
|
|a Malay
|
| 090 |
0 |
0 |
|a 371.1
|b CER
|
| 245 |
1 |
0 |
|a Ceritera guru :
|b travelog cikgu-cikgu
|
| 260 |
|
|
|a Kedah :
|b Khairy Tajudin Resources ,
|c 2020
|
| 300 |
|
|
|a 171 p. ;
|c 17.6 cm.
|
| 541 |
0 |
0 |
|c Purchased on 2020
|f 157/2020 ABR
|h RM22.00
|
| 650 |
|
0 |
|a Educators
|x Anecdotes
|
| 650 |
|
0 |
|a Teachers
|x Anecdotes
|
| 700 |
0 |
|
|a Khairy Tajudin
|
| 999 |
|
|
|a 0001632907
|b Book
|c Adult Collection
|e Cawangan Batu Pahat
|
| 999 |
|
|
|a 0001632908
|b Book
|c Adult Collection
|e Cawangan Pontian
|
| 999 |
|
|
|a 0001632910
|b Book
|c Adult Collection
|e Cawangan Bandar Tenggara
|
| 999 |
|
|
|a 0001632911
|b Book
|c Adult Collection
|e Cawangan Bukit Gambir
|
| 999 |
|
|
|a 0001632912
|b Book
|c Adult Collection
|e Cawangan Tmn. Ungku Tun Aminah
|
| 999 |
|
|
|a 0001632913
|b Book
|c Adult Collection
|e Cawangan Muar
|
| 999 |
|
|
|a 0001632914
|b Book
|c Adult Collection
|e Cawangan Bandar Penawar
|
| 999 |
|
|
|a 0001632915
|b Book
|c Adult Collection
|e Cawangan Segamat
|
| 999 |
|
|
|a 0001632916
|b Book
|c Adult Collection
|e Cawangan Taman Sri Lambak
|
| 999 |
|
|
|a 0001632917
|b Book
|c Adult Collection
|e Cawangan Kota Tinggi
|
| 999 |
|
|
|a 0001632918
|b Book
|c Adult Collection
|e Cawangan Mersing
|
| 999 |
|
|
|a 0001632919
|b Book
|c Adult Collection
|e Cawangan Tangkak
|
| 999 |
|
|
|a 0001632973
|b Book
|c Adult Collection
|e Perbadanan Perpustakaan Awam Johor
|
| 999 |
|
|
|a 0001632974
|b Book
|c Adult Collection
|e Perbadanan Perpustakaan Awam Johor
|
| 999 |
|
|
|a 0001632975
|b Book
|c Adult Collection
|e Cawangan Urban Transformation Centre
|
| 999 |
|
|
|a 0001632976
|b Book
|c Adult Collection
|e Cawangan AEON Kulaijaya
|